00621nam a22002177a 450000500170000001000150001702000260003202000230005803500130008103700130009408200120010710000210011924500690014025000110020926000440022027000460026430000280031050000190033865000270035770000190038420140827110527.0 aENG-110672 a9789339204792c875.00 a9339204794c875.00 aEN-94204 bDBAD/PUB a621.382 aProakis, John G. aDigital communications /cby John G. Proakis [and] Masoud Salehi a5th ed aNew DelhibMcGraw Hill Education c2014 aP-24, Green Park Extn.bNew Delhie110016 axviii,1150p.c26cm(pbk) aIncludes index aDigital communications aSalehi, Masoud